[Event "SC KO Open"]
[Site "SchemingMind.com"]
[Date "2010.10.02"]
[Round "-"]
[White "jtrochez1"]
[Black "mmccaffe"]
[Result "1/2-1/2"]
[WhiteCountry "HON"]
[BlackCountry "USA"]
[WhiteElo "1581"]
[WhiteRD "48"]
[BlackElo "1709"]
[BlackRD "60"]
[GameID "262162"]

1. e4 c5 2. Nf3 d6 3. h3 g6 4. Bc4 Bg7 5. c3 Nf6 6. d3 O-O 7. Be3 a6 8. a3 b5 9. Ba2 Nbd7 10. Nbd2 Bb7
11. O-O Qc7 12. Rc1 Rac8 13. Qe2 Nb6 14. b3 Nfd7 15. d4 c4 16. Nb1 Bxe4 17. Ne1 cxb3 18. Bxb3 Nc4 19. Bxc4 Qxc4 20. Qxc4 Rxc4
21. Nd2 Rc7 22. Nxe4 f5 23. Ng5 f4 24. Ne6 fxe3 25. Nxf8 e2 26. Nxd7 exf1=Q+ 27. Kxf1 Rxd7 28. f4 Rc7 29. Nf3 h6 30. Ke2 Rc4
31. Kd3 Ra4 32. Ra1= a5 33. Kc2 Rc4 34. Nd2 Rc7 35. Nf3 b4 36. axb4 axb4 37. Rb1 bxc3 38. Rb3 Kf7 39. Rxc3 Ra7 40. Rb3 Ra2+
41. Rb2 Ra4 42. Kd3 Ra3+ 43. Kc4 Ra4+ 44. Rb4 Ra2 45. g4 Ra3 46. Rb3 Ra4+ 47. Rb4 Ra3 48. Rb3 Ra4+=
1/2-1/2

[Event "SC KO Open"]
[Site "SchemingMind.com"]
[Date "2010.10.02"]
[Round "-"]
[White "mmccaffe"]
[Black "jtrochez1"]
[Result "1/2-1/2"]
[WhiteCountry "USA"]
[BlackCountry "HON"]
[WhiteElo "1709"]
[WhiteRD "60"]
[BlackElo "1581"]
[BlackRD "48"]
[GameID "262173"]

1. e4 e5 2. Nf3 Nc6 3. Bb5 d6 4. Bxc6+ bxc6 5. d4 Bg4 6. dxe5 Bxf3 7. Qxf3 dxe5 8. O-O Qf6 9. Qxf6 Nxf6 10. Nc3 h6
11. h3 Bc5 12. Rd1 O-O 13. Be3 Bxe3 14. fxe3 Rad8 15. Kf2 Rd7 16. Rxd7 Nxd7 17. Rd1 Rd8 18. Na4 Kf8 19. Nc5 Ke8 20. Nxd7 Rxd7
21. Rxd7 Kxd7 22. Ke2 Ke6 23. g4 g5 24. Kd3 a5 25. Kc4 Kd6 26. c3 f6 27. b4 a4 28. a3 c5 29. bxc5+ Kc6 30. Kb4 Kb7
31. Kxa4 c6 32. Ka5 Ka7 33. Kb4 Ka6 34. a4 Kb7 35. Ka5 Ka7 36. c4 Kb7 37. Kb4 Ka6 38. a5 Kb7 39. Ka4 Ka6 40. Kb4=
1/2-1/2

[Event "SC KO Open"]
[Site "SchemingMind.com"]
[Date "2010.10.08"]
[Round "-"]
[White "maro"]
[Black "Olli Ylönen"]
[Result "0-1"]
[WhiteCountry "MEX"]
[BlackCountry "FIN"]
[WhiteElo "1353"]
[WhiteRD "52"]
[BlackElo "1559"]
[BlackRD "59"]
[GameID "262378"]

1. d4 Nf6 2. e3 g6 3. Bd3 Bg7 4. Nf3 d6 5. O-O O-O 6. h3 Nbd7 7. Nc3 c6 8. b3 e5 9. dxe5 Nxe5 10. Bb2 Nxd3
11. Qxd3 d5 12. Rad1 Bf5 13. Qe2 Qc7 14. e4 dxe4 15. Nxe4 Nxe4 16. Bxg7 Kxg7 17. Nh4 Nc3 18. Qe3 Nxd1 19. Rxd1 Qa5 20. a4 Bxc2
21. Rd2 Bxb3 22. Rd4 Bxa4 23. Rd3 Rae8 24. Qd4+ Re5 25. Nf3 Qd5 26. Nxe5 Qxd4 27. Rxd4 Re8 28. Nf3 Bc2 29. Rd2 Bf5 30. Nh4 a5
31. Rb2 b5
0-1

[Event "SC KO Open"]
[Site "SchemingMind.com"]
[Date "2010.10.04"]
[Round "-"]
[White "Olli Ylönen"]
[Black "maro"]
[Result "1-0"]
[WhiteCountry "FIN"]
[BlackCountry "MEX"]
[WhiteElo "1559"]
[WhiteRD "59"]
[BlackElo "1353"]
[BlackRD "52"]
[GameID "262384"]

1. Nf3 d5 2. c4 c6 3. e3 Nf6 4. Nc3 Bf5 5. cxd5 cxd5 6. Qb3 b6 7. Bb5+ Bd7 8. Nxd5 e6 9. Bxd7+ Nbxd7 10. Nxf6+ Qxf6
11. O-O Bd6 12. d4 O-O 13. Qa4 Rfd8 14. b3 a6 15. Bb2 b5 16. Qa5 e5 17. dxe5 Nxe5 18. Nxe5 Bxe5 19. Bxe5 Qxe5 20. Rfd1 Qf6
21. h3 Re8 22. a4 bxa4 23. bxa4 h6 24. Ra3 Re5 25. Qb4 a5 26. Qd4 Rb8 27. f4 Re6 28. Rad3 Qg6 29. Qa7 Rb2 30. g4 Ra6
31. Qd4 Qc6 32. Qxb2 Qf3 33. Rd8+ Kh7 34. Qf2 Qxh3 35. Qc2+ Rg6 36. R1d6 Qxg4+ 37. Kf1 Qg1+ 38. Ke2 Qh2+ 39. Kd3 Rg2 40. Rxh6+ Qxh6
41. Qxg2 Qa6+ 42. Kd2 Qb6 43. Qh3+ Kg6 44. Qg4+ Kf6 45. Qg5+ Ke6 46. Qe5#
1-0

[Event "SC KO Open"]
[Site "SchemingMind.com"]
[Date "2010.10.11"]
[Round "-"]
[White "Scooter"]
[Black "Spottdrossel"]
[Result "1/2-1/2"]
[WhiteCountry "USA"]
[BlackCountry "GER"]
[WhiteElo "1846"]
[WhiteRD "60"]
[BlackElo "1858"]
[BlackRD "75"]
[GameID "263200"]

1. d4 d5 2. Nf3 Bg4 3. Ne5 Nf6 4. Bg5 Nbd7 5. h3 Ne4 6. Bxe7 Qxe7 7. Nxg4 Qb4+ 8. Nd2 Qxd4 9. Nxe4 Qxe4 10. c3 Bc5
11. Qb3 Nb6 12. e3 O-O 13. O-O-O Rad8 14. Qc2 Qe7 15. Bd3 g6 16. b4 Bd6 17. f4 h5 18. Nf2 Qxe3+ 19. Kb1 Bxf4 20. g4 Qe5
21. Rde1 Qg5 22. h4 Qh6 23. gxh5 Qxh5 24. Be2 Qf5 25. Bd3 Qh5 26. Be2 Nc4 27. Bxh5 Na3+ 28. Kb2 Nxc2 29. Kxc2 gxh5 30. Rhg1+ Kh7
31. Nh3 Bh6 32. Re5 c6 33. Rxh5 f6 34. Nf2 f5 35. Rgg5 f4 36. Ng4 Rd6 37. Re5 Rf7 38. Ref5 Rxf5 39. Rxf5 Rg6 40. Nxh6 Kxh6
41. Rxf4 Rg2+ 42. Kb3 Kg7 43. h5 Rg5 44. Rh4 Kh6 45. Rf4 Kg7 46. Rh4=
1/2-1/2

[Event "SC KO Open"]
[Site "SchemingMind.com"]
[Date "2010.10.11"]
[Round "-"]
[White "Spottdrossel"]
[Black "Scooter"]
[Result "1/2-1/2"]
[WhiteCountry "GER"]
[BlackCountry "USA"]
[WhiteElo "1858"]
[WhiteRD "75"]
[BlackElo "1846"]
[BlackRD "60"]
[GameID "263207"]

1. c4 c6 2. d4 d5 3. cxd5 cxd5 4. Nf3 Nf6 5. Nc3 Nbd7 6. Bf4 e6 7. e3 Bb4 8. Qc2 Nh5 9. Bd3 Nxf4 10. exf4 Qc7
11. g3 O-O 12. O-O Bxc3 13. Rfc1 Nf6 14. Qxc3 Qe7 15. Ne5 Bd7 16. Nxd7 Qxd7 17. Qc7 Qa4 18. Qc3 Rac8 19. Bc2 Qb5 20. Qb3 Qe2
21. Bd1 Qd2 22. Rxc8 Rxc8 23. Qxb7 Rf8 24. Bf3 Qxd4 25. Rc1 a5 26. Rc3 Ne4 27. Bxe4 Qxe4 28. a3 g6 29. Kf1 h5 30. b4 axb4
31. axb4 Qh1+ 32. Ke2 Qxh2 33. b5 h4 34. gxh4 Qxf4 35. Rc7 Qxh4 36. b6 Qe4+ 37. Kf1 Kg7 38. Qa7 Qf3 39. b7 Qd1+=
1/2-1/2

[Event "SC KO Open"]
[Site "SchemingMind.com"]
[Date "2010.10.14"]
[Round "-"]
[White "Zerstörer"]
[Black "sidra"]
[Result "1-0"]
[WhiteCountry "ITA"]
[BlackCountry "HUN"]
[WhiteElo "2011"]
[WhiteRD "96"]
[BlackElo "1695"]
[BlackRD "86"]
[GameID "263681"]

1. e4 e5 2. Nf3 d6 3. d4 exd4 4. Nxd4 a6 5. Bc4 c5 6. Nf3 h6 7. a4 Nc6 8. h3 Nf6 9. Nc3 Be7 10. O-O O-O
11. Re1 Re8 12. Bf4 Nh5 13. Bh2 Nf6 14. a5 Nxa5 15. Ba2 b5 16. Qd2 Bb7 17. Bd5 Bxd5 18. Nxd5 Nxd5 19. Rxa5 Nb4 20. Rea1 Qb6
21. c3 Nc6 22. R5a2 Red8 23. Qe2 a5 24. e5 dxe5 25. Nxe5 Nxe5 26. Bxe5 Re8 27. Qg4 f6 28. Bf4 Kh7 29. Qg3 Rec8 30. Qd3+ Kg8
31. Qd7 Bf8 32. Rxa5 Rxa5 33. Rxa5 Qxa5 34. Qxc8 Qa1+ 35. Kh2 Qd1 36. Qe6+ Kh8 37. Qe8 Kg8 38. Qxb5 Bd6 39. Qe8+ Bf8 40. Qe3 Bd6
41. Bxd6 Qxd6+ 42. g3 Kf8 43. b3 Kf7 44. Qe2 g6 45. Qc4+ Kg7 46. b4 cxb4 47. cxb4 Qb6 48. Kg1 g5 49. b5 Kf8 50. Kg2 h5
51. Qc6 Qxc6+ 52. bxc6 Ke7 53. Kf3 f5 54. Ke3 Kd6 55. Kd4 h4 56. gxh4 gxh4 57. f4 Kxc6 58. Ke5 Kd7 59. Kxf5 Ke7 60. Kg6 Ke6
61. f5+ Ke7 62. Kg7 Kd6 63. f6 Ke5 64. f7 Kf4 65. f8=Q+ Kg3 66. Qf5 Kh2 67. Qg4 Kh1 68. Kf6 Kh2 69. Kf5 Kh1 70. Kf4 Kh2
71. Kf3 Kh1 72. Qg2#
1-0

[Event "SC KO Open"]
[Site "SchemingMind.com"]
[Date "2010.10.14"]
[Round "-"]
[White "sidra"]
[Black "Zerstörer"]
[Result "0-1"]
[WhiteCountry "HUN"]
[BlackCountry "ITA"]
[WhiteElo "1695"]
[WhiteRD "86"]
[BlackElo "2011"]
[BlackRD "96"]
[GameID "263685"]

1. d4 d5 2. e3 Nf6 3. f3 c5 4. a3 e6 5. dxc5 Bxc5 6. b4 Bd6 7. c3 Qc7 8. f4 O-O 9. Nf3 Nbd7 10. Bd3 Nb6
11. O-O Bd7 12. b5 Rac8 13. a4 Nc4 14. Nd4 h6 15. g3 Rfd8 16. Qe2 Be7 17. Bxc4 Qxc4 18. Qxc4 Rxc4 19. Bb2 Ne4 20. Nf3 Rc7
21. Nd4 Rdc8 22. Rc1 Bf8 23. Ne2 Bc5 24. Nd4 Be7 25. Ba3 Bf6 26. Bb4 h5 27. Ra2 Nc5 28. Bxc5 Rxc5 29. Rcc2 g5 30. Kg2 gxf4
31. gxf4 Bxd4 32. exd4 R5c7 33. Kf3 Kh7 34. Rab2 b6 35. Ke3 Be8 36. Rb3 f6 37. Nd2 Bg6 38. Rc1 Kh6 39. Nf3 Bh7 40. Kd2 Be4
41. Nh4 Rg8 42. Rf1 Rg4 43. Nf3 Rxf4 44. Ke3 Rxf3+ 45. Rxf3 Bxf3 46. Kxf3 Kg5 47. Kg3 Rc4 48. Ra3 h4+ 49. Kf3 Kf5 50. h3 e5
51. dxe5 fxe5 52. Ke3 e4 53. a5 Ke5 54. axb6 axb6 55. Rb3 Rc5 56. Ra3 Rxb5 57. Ra8 Rb3 58. Re8+ Kd6 59. Kd4 Rb1 60. Rd8+ Ke6
61. Re8+ Kd7 62. Re5 Rd1+ 63. Ke3 Kd6 64. Re8 Rd3+ 65. Ke2 Rxc3 66. Rd8+ Ke6 67. Rb8 Rb3 68. Re8+ Kd7 69. Re5 Kd6 70. Re8 Rxh3
71. Rd8+ Ke6 72. Rb8 Rb3 73. Rh8 h3 74. Kf2 b5 75. Rh6+ Ke5 76. Rh8 b4 77. Re8+ Kd4 78. Rh8 Rc3 79. Ke2 b3 80. Kf2 b2
81. Rb8 Rc2+ 82. Kg3 h2 83. Rh8 b1=Q 84. Rxh2 Qb8+ 85. Kh3 Qxh2+ 86. Kg4 Ke5
0-1

[Event "SC KO Open"]
[Site "SchemingMind.com"]
[Date "2010.10.17"]
[Round "-"]
[White "carda"]
[Black "MARISCAL"]
[Result "0-1"]
[WhiteCountry "SVK"]
[BlackCountry "ESP"]
[WhiteElo "1625"]
[WhiteRD "143"]
[BlackElo "2283"]
[BlackRD "106"]
[GameID "263870"]

1. Nf3 d5 2. d4 f5 3. g3 Nf6 4. Bg2 e6 5. Ne5 Nbd7 6. Bg5 Bd6 7. Nxd7 Bxd7 8. Nc3 O-O 9. O-O c6 10. e3 e5
11. dxe5 Bxe5 12. f4 Bd6 13. e4 fxe4 14. Nxe4 Qb6+ 15. Nf2 Ng4 16. Qd2 Bc5 17. Kh1 Nxf2+
0-1

[Event "SC KO Open"]
[Site "SchemingMind.com"]
[Date "2010.10.16"]
[Round "-"]
[White "MARISCAL"]
[Black "carda"]
[Result "1-0"]
[WhiteCountry "ESP"]
[BlackCountry "SVK"]
[WhiteElo "2283"]
[WhiteRD "106"]
[BlackElo "1625"]
[BlackRD "143"]
[GameID "263876"]

1. e4 e6 2. d4 d5 3. e5 c5 4. c3 cxd4 5. cxd4 Bd7 6. Nf3 Qa5+ 7. Nc3 Bb4 8. Bd2 Qb6 9. a3 Be7 10. b4 Nc6
11. Na4 Qc7 12. Rc1 a6 13. Nc5 Bxc5 14. Rxc5 b6 15. Rc3 Nge7 16. Bd3 a5 17. b5 O-O 18. Bxh7+ Kxh7 19. Ng5+ Kg6 20. Rh3 Rh8
21. Nh7
1-0

[Event "SC KO Open"]
[Site "SchemingMind.com"]
[Date "2010.10.19"]
[Round "-"]
[White "clario"]
[Black "spoke"]
[Result "1-0"]
[WhiteCountry "RSA"]
[BlackCountry "GER"]
[WhiteElo "2171"]
[WhiteRD "105"]
[BlackElo "1686"]
[BlackRD "66"]
[GameID "263974"]

1. d4 Nf6 2. c4 g6 3. Nc3 Bg7 4. e4 d6 5. Nf3 O-O 6. Be2 e5 7. O-O Nc6 8. d5 Ne7 9. Ne1 Nd7 10. Nd3 f5
11. Bd2 Nf6 12. f3 f4 13. c5 g5 14. cxd6 cxd6 15. Nf2 h5 16. h3 Ng6 17. Rc1 Rf7 18. Qb3 Bf8 19. Rc2 Rg7 20. Rfc1 a6
21. Na4 b5 22. Nb6 Qxb6 23. Rxc8 Rxc8 24. Rxc8 Rc7 25. Rxc7 Qxc7 26. a4 bxa4 27. Qxa4 Qb6 28. Bc3 g4 29. hxg4 hxg4 30. Qxa6 Qxa6
31. Bxa6 gxf3 32. gxf3 Be7 33. Ba5 Kf8 34. Nd3 Nd7 35. Bb5 Ke8 36. Bc7 Nh8 37. b4 Nf7 38. Bc6 Bd8 39. Bxd6 Nxd6 40. Nxe5
1-0

[Event "SC KO Open"]
[Site "SchemingMind.com"]
[Date "2010.10.19"]
[Round "-"]
[White "spoke"]
[Black "clario"]
[Result "0-1"]
[WhiteCountry "GER"]
[BlackCountry "RSA"]
[WhiteElo "1710"]
[WhiteRD "68"]
[BlackElo "2166"]
[BlackRD "102"]
[GameID "263982"]

1. e4 c5 2. Nf3 d6 3. d4 cxd4 4. Nxd4 Nf6 5. Nc3 a6 6. f4 e5 7. Nf3 Nbd7 8. a4 Be7 9. Bd3 O-O 10. O-O exf4
11. Bxf4 Qb6+ 12. Kh1 Qxb2 13. Qe1 Qb6 14. Bg5 Nc5 15. Qh4 Nxd3 16. cxd3 Qd8 17. e5 dxe5 18. Nxe5 Qa5
0-1

[Event "SC KO Open"]
[Site "SchemingMind.com"]
[Date "2010.10.22"]
[Round "-"]
[White "xare"]
[Black "ichabod801"]
[Result "0-1"]
[WhiteCountry "USA"]
[BlackCountry "USA"]
[WhiteElo "1631"]
[WhiteRD "145"]
[BlackElo "1772"]
[BlackRD "89"]
[GameID "264103"]

1. c4 Nf6 2. g3 g6 3. Bg2 Bg7 4. Nc3 O-O 5. e4 c5 6. d3 Nc6 7. Nge2 d6 8. O-O a6 9. Be3 Rb8 10. a3 b5
11. cxb5 axb5 12. Qd2 Ng4 13. Rac1 Nd4 14. Bxd4 cxd4 15. Na2 Bh6 16. f4 e5 17. Nb4 Bb7 18. Nc2 d5 19. Rce1 dxe4 20. Nc1 e3
21. Qe2 Bxg2 22. Kxg2 f5 23. fxe5 Nxe5 24. Nb3 Qd5+
0-1

[Event "SC KO Open"]
[Site "SchemingMind.com"]
[Date "2010.10.22"]
[Round "-"]
[White "ichabod801"]
[Black "xare"]
[Result "0-1"]
[WhiteCountry "USA"]
[BlackCountry "USA"]
[WhiteElo "1772"]
[WhiteRD "89"]
[BlackElo "1631"]
[BlackRD "145"]
[GameID "264108"]

1. c4 b6 2. d4 Bb7 3. Nc3 Nf6 4. Qc2 d5 5. cxd5 Nxd5 6. Nf3 e6 7. e4 Nxc3 8. bxc3 Be7 9. Bb5+ Nd7 10. O-O O-O
11. Qa4 Nf6 12. Bc6 Qc8 13. e5 Nd5 14. Bxb7 Qxb7 15. Bd2 c5 16. Rac1 cxd4 17. cxd4 Rfc8 18. Ng5 h6 19. Ne4 a6 20. f4 Ne3
21. Bxe3 Qxe4 22. Rxc8+ Rxc8 23. Re1 Rc2 24. Bf2 Qc6 25. Qxa6 Bh4 26. g3 Qf3 27. Qf1 Be7 28. Re3 Qd5 29. Rb3 Rxa2 30. Rxb6 Qd8
31. Qb1 Ra8 32. Kg2 g6 33. Rb7 Ra1 34. Qe4 Qa8 35. Kf3 Ra3+ 36. Be3 Bf8 37. Rd7 Qa6 38. Qb1 Qc6+
0-1

[Event "SC KO Open"]
[Site "SchemingMind.com"]
[Date "2010.10.24"]
[Round "-"]
[White "THart"]
[Black "jorge47"]
[Result "1-0"]
[WhiteCountry "USA"]
[BlackCountry "ARG"]
[WhiteElo "1759"]
[WhiteRD "85"]
[BlackElo "1489"]
[BlackRD "90"]
[GameID "264561"]

1. d4 d5 2. Nf3 Nf6 3. e3 e6 4. Bd3 Be7 5. O-O O-O 6. Nbd2 a6 7. e4 Nxe4 8. Nxe4 dxe4 9. Bxe4 f5 10. Bd3 c5
11. c3 Nc6 12. Re1 cxd4 13. cxd4 Nxd4 14. Bc4 Nxf3+ 15. Qxf3 Qb6 16. b3 Bb4 17. Re2 Qd4 18. Bb2 Re8 19. Bxd4
1-0

[Event "SC KO Open"]
[Site "SchemingMind.com"]
[Date "2010.10.24"]
[Round "-"]
[White "jorge47"]
[Black "THart"]
[Result "0-1"]
[WhiteCountry "ARG"]
[BlackCountry "USA"]
[WhiteElo "1489"]
[WhiteRD "90"]
[BlackElo "1759"]
[BlackRD "85"]
[GameID "264566"]

1. e4 c6 2. d4 d5 3. exd5 cxd5 4. Nf3 Bg4 5. h3 Bh5 6. Be2 Nf6 7. O-O e6 8. b3 Be7 9. c4 O-O 10. Nc3 Nc6
11. Be3 a6 12. Nh2 Bxe2 13. Qxe2 Bd6 14. c5 Bxh2+ 15. Kxh2 Ne7 16. a4 Nf5 17. b4 Nxe3 18. fxe3 Rc8 19. b5 Qa5 20. Rfc1 Qc7+
21. Kh1 Qg3 22. bxa6 bxa6 23. Qxa6 Qxe3 24. Nb5 Ne4 25. c6 Nf2+ 26. Kh2 Qf4+ 27. Kg1 Qg3 28. Ra3 Qg5 29. Rac3 Nxh3+ 30. Rxh3 Qxc1+
31. Kh2 Rxc6 32. Qb7 Qf4+ 33. Rg3 Rc1 34. a5 h5
0-1

[Event "SC KO Open"]
[Site "SchemingMind.com"]
[Date "2010.10.24"]
[Round "-"]
[White "jl1234"]
[Black "lemme howdt"]
[Result "1-0"]
[WhiteCountry "POL"]
[BlackCountry "USA"]
[WhiteElo "1839"]
[WhiteRD "75"]
[BlackElo "1623"]
[BlackRD "75"]
[GameID "264662"]

1. d4 d5 2. c4 dxc4 3. e4 b5 4. Nc3 c6 5. Be2 Nf6 6. a3 Qa5 7. Bd2 Qc7 8. h3 e6 9. Bf3 Nbd7 10. Nge2 Be7
11. Bf4 e5 12. Bg3 O-O 13. O-O Rd8 14. Qc2 Bb7 15. Rfd1 a5 16. d5 cxd5 17. exd5 Bd6 18. Nxb5 Qc5 19. Nxd6 Qxd6 20. Nd4 Qc5
21. Nf5 g6 22. Ne3 Rac8 23. Rac1 Ba6 24. Be2 Nh5 25. Bxh5 gxh5 26. Qf5 f6 27. Qe6+ Kg7 28. Qxa6 Nb6 29. a4 Qb4 30. Qb5 Rc5
31. Qxb4 axb4 32. b3 c3 33. d6 Kg6 34. f3 Rc6 35. Nc2 Rcxd6 36. Rxd6 Rxd6 37. Nxb4 Rd4 38. Na2 Rd2 39. Nxc3 Rb2 40. Rb1 Rc2
41. Bf2 Rxc3 42. Bxb6
1-0

[Event "SC KO Open"]
[Site "SchemingMind.com"]
[Date "2010.10.24"]
[Round "-"]
[White "Orhany24"]
[Black "rao"]
[Result "1-0"]
[WhiteCountry "TUR"]
[BlackCountry "INT"]
[WhiteElo "1770"]
[WhiteRD "66"]
[BlackElo "1526"]
[BlackRD "86"]
[GameID "264663"]

1. e4 e5 2. Nf3 Nc6 3. Bc4 d6 4. h3 Nf6 5. Nc3 h6 6. O-O Nh5 7. d4 Nf4 8. dxe5 dxe5 9. Qxd8+ Kxd8 10. Rd1+ Bd6
11. Bxf7 Rf8 12. Bc4 Nxh3+ 13. Kf1 a6 14. Be3 Nf4 15. Nd5 Nxd5 16. Rxd5 Be6 17. Rxd6+ cxd6 18. Bxe6 Nb4 19. Bb6+ Ke7 20. Bb3 g5
21. a3 Nc6 22. Rd1 g4 23. Nh4 Rf6 24. Nf5+ Kd7 25. c3 Ne7 26. Ba4+ Ke6 27. Nxd6 Raf8 28. Ne8 Rxf2+ 29. Kg1 Nc6 30. Nc7+ Kf6
31. Kxf2 Kg6+ 32. Kg3 h5 33. Rd6+ Kh7 34. Bxc6 bxc6 35. Rxc6 Rc8 36. b4 Rd8 37. Nd5 Rf8 38. Be3 Ra8 39. c4 a5 40. b5 a4
41. b6 h4+ 42. Kxh4 g3 43. b7 Rb8 44. Rc7+ Kg6 45. Ba7 Rh8+ 46. Kxg3 Rh5 47. b8=Q
1-0

[Event "SC KO Open"]
[Site "SchemingMind.com"]
[Date "2010.10.24"]
[Round "-"]
[White "lemme howdt"]
[Black "jl1234"]
[Result "0-1"]
[WhiteCountry "USA"]
[BlackCountry "POL"]
[WhiteElo "1623"]
[WhiteRD "75"]
[BlackElo "1839"]
[BlackRD "75"]
[GameID "264669"]

1. e4 c5 2. Nf3 e6 3. e5 d5 4. exd6 Bxd6 5. Bb5+ Bd7 6. Bxd7+ Nxd7 7. Nc3 a6 8. d3 h6 9. O-O Ne7 10. Ne4 Bc7
11. Be3 b6 12. Re1 Nf5 13. g3 O-O 14. Qd2 Nf6 15. Rad1 Nd5 16. Bf4 Bxf4 17. gxf4 Qc7 18. Ne5 Nh4 19. c4 Ne7 20. Qe3 Nhf5
21. Qh3 f6 22. Nf3 Ng6 23. Ng3 Nxf4 24. Qg4 Nd4 25. Nxd4 cxd4 26. Re4 e5 27. Nf5 h5 28. Qg3 Rad8 29. b4 Kh7 30. a4 Rg8
31. Kf1 g6 32. Nh4 g5 33. Ng2 Ng6 34. Qf3 Kh6 35. Qxf6 Rgf8 36. Qe6 Rd6 37. Qh3 Qf7 38. Rd2 Rf6 39. Ree2 Rf3 40. Qxf3 Qxf3
41. Re4 h4 42. Ne1 Qh1+ 43. Ke2 Qxh2 44. Nf3 Nf4+ 45. Kd1 Qh1+ 46. Ne1 Nxd3 47. Ree2 Nxe1 48. Rxe1 Qf3+ 49. Kc1 Qc3+
0-1

[Event "SC KO Open"]
[Site "SchemingMind.com"]
[Date "2010.10.24"]
[Round "-"]
[White "rao"]
[Black "Orhany24"]
[Result "1-0"]
[WhiteCountry "INT"]
[BlackCountry "TUR"]
[WhiteElo "1580"]
[WhiteRD "88"]
[BlackElo "1716"]
[BlackRD "64"]
[GameID "264670"]

1. e4 e5 2. Nf3 Nc6 3. Bc4 Nf6 4. d3 Be7 5. Ng5 O-O 6. Qf3 h6 7. Nh3 d6 8. Nc3 Bg4 9. Qe3 a6 10. f3 Be6
11. Bxe6 fxe6 12. Ne2 d5 13. c3 d4 14. Qd2 b5 15. Ng3 Nb8 16. b4 c5 17. a3 Nbd7 18. Bb2 Kh7 19. O-O Rc8 20. cxd4 exd4
21. Rfe1 e5 22. Nf5 Ng8 23. Bc1 c4 24. dxc4 bxc4 25. Ra2 c3 26. Qd3 Bf6 27. Nd6 Rc6 28. Nb7 Qb6 29. Na5 Qb5 30. Qxb5 axb5
31. Nxc6 Rc8 32. Na7 Rb8 33. Nf2 Ne7 34. a4 bxa4 35. Rxa4 Rb7 36. Ba3 Nb6 37. Ra6 Nc4 38. b5 Ng6 39. Nd3 Nf4 40. Nxf4 exf4
41. Kf2 d3 42. Bb4 d2 43. Rd1 c2 44. Rxd2 Nxd2 45. Bxd2 Bd4+ 46. Ke2 Be3 47. Rc6 Bxa7 48. Rxc2 Rxb5 49. Bxf4 Bd4 50. g4 Rb2
51. Rxb2 Bxb2 52. e5 g5 53. Bg3 Kg6 54. f4 gxf4 55. Bxf4 h5 56. gxh5+ Kxh5 57. e6 Bf6 58. Kf3
1-0

[Event "SC KO Open"]
[Site "SchemingMind.com"]
[Date "2010.10.25"]
[Round "-"]
[White "Clive Everill"]
[Black "turbo_lag"]
[Result "0-1"]
[WhiteCountry "CZE"]
[BlackCountry "USA"]
[WhiteElo "1684"]
[WhiteRD "49"]
[BlackElo "1685"]
[BlackRD "115"]
[GameID "264795"]

1. e4 c5 2. Nf3 d6 3. c3 Nf6 4. Bc4 Be6 5. Bxe6 fxe6 6. d3 h6 7. O-O Nc6 8. Qb3 Qd7 9. Nbd2 d5 10. e5 Ng4
11. Re1 d4 12. h3 h5 13. hxg4 hxg4 14. Ng5 Rh5 15. Nc4 b6 16. Nd6+ exd6 17. exd6 e5 18. Qe6+ Qxe6 19. Nxe6 Kd7 20. Nxf8+ Rxf8
21. Bd2 Kxd6 22. c4 Rfh8 23. Kf1 Rf5 24. a3 g3 25. f3 g5 26. b4 g4 27. Ke2 gxf3+ 28. gxf3 Rh2+ 29. Kd1 Rxf3 30. Kc2 cxb4
31. axb4 Nxb4+ 32. Kd1 Nxd3 33. Rg1 g2 34. Ke2 e4 35. Rxa7 Rf2+ 36. Kd1 Rf1+
0-1

[Event "SC KO Open"]
[Site "SchemingMind.com"]
[Date "2010.10.25"]
[Round "-"]
[White "turbo_lag"]
[Black "Clive Everill"]
[Result "1/2-1/2"]
[WhiteCountry "USA"]
[BlackCountry "CZE"]
[WhiteElo "1701"]
[WhiteRD "93"]
[BlackElo "1689"]
[BlackRD "50"]
[GameID "264798"]

1. e4 Nc6 2. Nf3 f5 3. e5 d6 4. Bb5 dxe5 5. Bxc6+ bxc6 6. Nxe5 Qd5 7. Nf3 e5 8. O-O Bd6 9. Nc3 Qf7 10. d4 e4
11. Ne5 Bxe5 12. dxe5 Ne7 13. Bf4 O-O 14. Qe2 a5 15. Rfd1 Ba6 16. Qd2 Qe6 17. Qd7 Qxd7 18. Rxd7 Nd5 19. Nxd5 cxd5 20. Rxd5 c6
21. Rxa5 h6 22. a4 g5 23. Bd2 f4 24. Re1 Rfd8 25. Bc3 e3 26. fxe3 fxe3 27. Rxe3 Rd1+ 28. Re1 Rd5 29. e6 Rxa5 30. Bxa5 Bc8
31. b4 c5 32. bxc5 Rxa5 33. c6 Kf8 34. Rd1 Bxe6 35. Rd8+ Ke7 36. c7 Rxa4 37. c8=Q Bxc8 38. Rxc8 Kd7 39. Rh8 Ra6 40. Rh7+ Ke8
41. Kf2 Rc6 42. Kf3 Kf8 43. h3 Kg8 44. Re7 Rxc2 45. Re3=
1/2-1/2

[Event "SC KO Open"]
[Site "SchemingMind.com"]
[Date "2010.11.13"]
[Round "-"]
[White "Spottdrossel"]
[Black "jl1234"]
[Result "1-0"]
[WhiteCountry "GER"]
[BlackCountry "POL"]
[WhiteElo "1879"]
[WhiteRD "71"]
[BlackElo "1839"]
[BlackRD "75"]
[GameID "266778"]

1. e4 c5 2. c3 e6 3. d4 cxd4 4. cxd4 Nf6 5. Nc3 d6 6. Nf3 h6 7. Bb5+ Bd7 8. Be2 Be7 9. Be3 O-O 10. Qb3 a6
11. O-O Bc8 12. Rac1 Nbd7 13. h3 b6 14. e5 Ne8 15. exd6 Nxd6 16. Rfd1 Nf5 17. Bf4 Bd6 18. Ne5 Bb7 19. Bg4 Nf6 20. Bxf5 exf5
21. Ne2 Bd5 22. Qa4 b5 23. Qc2 Be4 24. Qd2 Kh7 25. Ng3 Rc8 26. f3 Bd5 27. Nxf5 Bb8 28. Bxh6
1-0

[Event "SC KO Open"]
[Site "SchemingMind.com"]
[Date "2010.11.13"]
[Round "-"]
[White "jl1234"]
[Black "Spottdrossel"]
[Result "1-0"]
[WhiteCountry "POL"]
[BlackCountry "GER"]
[WhiteElo "1839"]
[WhiteRD "75"]
[BlackElo "1879"]
[BlackRD "71"]
[GameID "266783"]

1. d4 d6 2. e4 Nf6 3. Bd3 Nc6 4. c3 e5 5. d5 Ne7 6. Bg5 Ng6 7. Bb5+ Bd7 8. Bxf6 gxf6 9. Bd3 Rg8 10. g3 Bh6
11. Qh5 Bc1 12. Qe2 Rh8 13. Na3 Bh6 14. Qh5 Bf8 15. Nf3 Qc8 16. h3 a6 17. Nh2 Bxh3 18. Qf3 Be7 19. g4 Nf4 20. Rg1 h5
21. gxh5 Rxh5 22. Rg8+
1-0

[Event "SC KO Open"]
[Site "SchemingMind.com"]
[Date "2010.12.12"]
[Round "-"]
[White "Olli Ylönen"]
[Black "Naoki_M"]
[Result "0-1"]
[WhiteCountry "FIN"]
[BlackCountry "JPN"]
[WhiteElo "1607"]
[WhiteRD "51"]
[BlackElo "1587"]
[BlackRD "69"]
[GameID "269784"]

1. e4 c5 2. Nf3 d6 3. d4 cxd4 4. Nxd4 Nf6 5. Nc3 Nc6 6. Bg5 a6 7. Qd2 e6 8. O-O-O Be7 9. f4 O-O 10. Bxf6 Bxf6
11. Nxc6 bxc6 12. Qxd6 Qxd6 13. Rxd6 Bb7 14. Rd7 Rab8 15. e5 Bd8 16. Bc4 Ba5 17. Ne4 Rfd8 18. Rxd8+ Rxd8 19. Nd6 Rd7 20. Nxb7 Rxb7
21. Bxa6 Rb4 22. g3 Re4 23. a3 Kf8 24. b4 Bc7 25. Kd2 Rd4+ 26. Kc3 c5 27. Bc4 Bb6 28. a4 Rd8 29. bxc5 Bxc5 30. Bb5 Ke7
31. Rb1 Bb6 32. Rb4 Ba5 33. Kb3 Bxb4 34. Kxb4 Rd2 35. c4 Rxh2 36. a5 Kd8 37. a6 Kc7 38. Kc5 Ra2 39. Kb4 f5 40. exf6 gxf6
41. Kc5 e5 42. fxe5 fxe5 43. Kd5 Re2 44. c5 Re3 45. Bc6 Kb8 46. Bb7 Rxg3 47. Kxe5 Rg5+ 48. Kd6 Rg6+ 49. Kd7 Rg7+ 50. Kc6 Ka7
51. Kd6 Rg6+ 52. Ke7 Rg7+ 53. Kf8 Rxb7 54. axb7 Kxb7 55. Kg7= h5
0-1

[Event "SC KO Open"]
[Site "SchemingMind.com"]
[Date "2010.12.17"]
[Round "-"]
[White "Naoki_M"]
[Black "Olli Ylönen"]
[Result "1-0"]
[WhiteCountry "JPN"]
[BlackCountry "FIN"]
[WhiteElo "1587"]
[WhiteRD "69"]
[BlackElo "1607"]
[BlackRD "51"]
[GameID "269788"]

1. d4 Nf6 2. c4 g6 3. Nf3 Bg7 4. Nc3 O-O 5. Bf4 d6 6. e4 Bg4 7. Be2 Nbd7 8. O-O c5 9. d5 Nh5 10. Bd2 Bxc3
11. Bxc3 Nf4 12. Bd2 Nxe2+ 13. Qxe2 Bxf3 14. Qxf3 e6 15. Rfe1 a6 16. Bh6 Re8 17. Qc3 f6 18. Re3 e5 19. Rg3 Kf7 20. Re1 b5
21. b3 bxc4 22. bxc4 a5 23. Rb1 Rb8 24. Rb5 Nb6 25. Qc2 g5 26. h4 Rg8 27. hxg5 fxg5 28. Qe2 Rg6 29. Rh3 g4 30. Rh1 a4
31. a3 Nd7 32. Qb2 Rxb5 33. Qxb5 Nf6 34. Qxa4 Nxe4 35. Qc2 Nf6 36. Bc1 h5 37. Qf5 Qh8 38. Qe6+ Kg7 39. Qe7+ Kg8 40. Qxd6 Kh7
41. Qxe5
1-0